Calciatori e Anno di nascita - Quiz n°19 - Statistics

Statistiche generali
  • Questo quiz è stato fatto 14 volte
  • Il punteggio medio è 4 su 10
Statistiche sulle risposte
Hint Risposta % Corretto
Wojciech Szczęsny 1990
71%
Pepe 1983
64%
Marten de Roon 1991
50%
Davide Calabria 1996
50%
Vasilis Torosidis 1985
43%
Graziano Pellè 1985
43%
Joakim Mæhle 1997
29%
Diogo Costa 1999
29%
Tomáš Rosický 1980
21%
Ashley Cole 1990
0%
Nessun quiz corrispondente trovato
Distribuzione punteggi
Percentuale di utenti per punteggio
Percentile per numero di risposta
I tuoi punteggi nel tempo
Non hai fatto questo quiz